Teória a politika zamestnanosti
Saved in:
| Main Author: | |
|---|---|
| Corporate Author: | |
| Format: | Book |
| Language: | Slovak |
| Published: |
Bratislava
VŠE
1990
|
| Edition: | 1. vyd. |
| Subjects: | |
| Tags: |
No Tags, Be the first to tag this record!
|
MARC
| LEADER | 00000nam a2200000 4500 | ||
|---|---|---|---|
| 001 | c000473 | ||
| 005 | 20221215071643.7 | ||
| 020 | |a 80-225-0238-3 | ||
| 041 | 0 | |a slo | |
| 044 | |a SK | ||
| 245 | 1 | 0 | |a Teória a politika zamestnanosti |c Emília Kováčová |
| 250 | |a 1. vyd. | ||
| 264 | 1 | |a Bratislava |b VŠE |c 1990 | |
| 300 | |a 247 s. | ||
| 610 | 2 | 0 | |a zamestnanosť |
| 610 | 2 | 0 | |a demografia |
| 610 | 2 | 0 | |a trh práce |
| 610 | 2 | 0 | |a trh |
| 610 | 2 | 0 | |a nezamestnanosť |
| 610 | 2 | 0 | |a dopyt |
| 610 | 2 | 0 | |a ponuka |
| 610 | 2 | 0 | |a kvalifikácia |
| 610 | 2 | 0 | |a ceny |
| 610 | 2 | 0 | |a regulácia |
| 610 | 2 | 0 | |a Švédsko |
| 610 | 2 | 0 | |a Nemecko |
| 610 | 2 | 0 | |a pohyb síl pracovných |
| 610 | 2 | 0 | |a Československo |
| 610 | 2 | 0 | |a rekvalifikácia |
| 100 | 1 | |a Kováčová, Emília | |
| 710 | 2 | |a Vysoká škola ekonomická v Bratislave. Národohospodárska fakulta | |